[Event "Montpellier op 20th"]
[Site "Montpellier"]
[Date "2014.07.06"]
[Round "2"]
[White "Alexieva, Silvia"]
[Black "L'Hermitte, Emmanuel"]
[Result "1-0"]
[WhiteElo "2302"]
[BlackElo "2006"]
[PlyCount "113"]
[EventDate "2014.07.05"]
[EventType "swiss"]
[EventRounds "9"]
[EventCountry "FRA"]
[SourceTitle "CBM 161 Extra"]
[Source "ChessBase"]
[SourceDate "2014.08.29"]
[SourceVersion "1"]
[SourceVersionDate "2014.08.29"]
[SourceQuality "1"]

1. Nf3 Nf6 2. c4 e6 3. g3 d5 4. Bg2 Be7 5. 0-0 0-0 6. b3 c5 7. Bb2 Nc6 8. cxd5 Nxd5 9. Qc1 Bf6 10. Nc3 Nb6 11. d3 Rb8 12. Re1 Nd7 13. Nd2 Nd4 14. Nce4 Be7 15. b4 b6 16. e3 Nc6 17. Qc3 f6 18. b5 Nb4 19. f4 a6 20. Bh3 axb5 21. Bxe6+ Kh8 22. a3 Na6 23. d4 b4 24. axb4 cxb4 25. Qc2 Nc7 26. Bb3 f5 27. Nf2 Nf6 28. Nf3 Ncd5 29. Ne5 Rb7 30. Ra8 Rc7 31. Qd3 Bd6 32. e4 Nc3 33. exf5 Nfd5 34. Qf3 Nf6 35. g4 Bxe5 36. fxe5 Qxd4 37. exf6 gxf6 38. Qe3 Qd6 39. Be6 Bb7 40. Rxf8+ Qxf8 41. Bb3 h5 42. Qe8 Qxe8 43. Rxe8+ Kh7 44. h3 Bf3 45. Re3 Ba8 46. Nd3 Ne4 47. Nxb4 hxg4 48. hxg4 Kg7 49. Bd5 Bxd5 50. Nxd5 Rc2 51. Rxe4 Rxb2 52. Rb4 Rd2 53. Nf4 Rd6 54. Kf2 Kh6 55. Ne6 Rc6 56. Ke3 Rc3+ 57. Kd4 1-0

[Event "EU-ch 12th"]
[Site "Aix les Bains"]
[Date "2011.03.28"]
[Round "7"]
[White "Svane, Rasmus"]
[Black "L'Hermitte, Emmanuel"]
[Result "1-0"]
[WhiteElo "2216"]
[BlackElo "2012"]
[PlyCount "67"]
[EventDate "2011.03.22"]
[EventType "swiss"]
[EventRounds "11"]
[EventCountry "FRA"]
[SourceTitle "CBM 142 Extra"]
[Source "ChessBase"]
[SourceDate "2011.06.27"]
[SourceVersion "1"]
[SourceVersionDate "2011.06.27"]
[SourceQuality "1"]

1. Nf3 Nf6 2. c4 e6 3. Nc3 d5 4. d4 Be7 5. cxd5 exd5 6. Bg5 c6 7. Qc2 Nbd7 8. e3 0-0 9. Bd3 Re8 10. h3 Ne4 11. Bxe7 Qxe7 12. 0-0 h6 13. Rfe1 Ng5 14. Nh2 Nf6 15. Rad1 Nge4 16. f3 Nxc3 17. bxc3 Qd6 18. e4 dxe4 19. fxe4 Qg3 20. Qd2 Nh5 21. Re3 Qg5 22. Nf3 Qf4 23. Ne5 Be6 24. Rf1 Qg5 25. Qf2 Rf8 26. Be2 g6 27. h4 Qe7 28. Bxh5 gxh5 29. d5 Bg4 30. Qf4 Qxh4 31. Qxh6 f5 32. exf5 Qf6 33. Qf4 Bxf5 34. Rg3+ 1-0

[Event "EU-ch 12th"]
[Site "Aix les Bains"]
[Date "2011.03.26"]
[Round "5"]
[White "Frick, Christoph"]
[Black "L'Hermitte, Emmanuel"]
[Result "0-1"]
[WhiteElo "2226"]
[BlackElo "2012"]
[PlyCount "52"]
[EventDate "2011.03.22"]
[EventType "swiss"]
[EventRounds "11"]
[EventCountry "FRA"]
[SourceTitle "CBM 142 Extra"]
[Source "ChessBase"]
[SourceDate "2011.06.27"]
[SourceVersion "1"]
[SourceVersionDate "2011.06.27"]
[SourceQuality "1"]

1. g3 d5 2. Bg2 c6 3. d3 Nf6 4. Nd2 e5 5. e4 dxe4 6. dxe4 Bc5 7. Ngf3 Nbd7 8. 0-0 0-0 9. h3 Re8 10. Qe2 Qc7 11. Nh4 Nf8 12. Nf5 Bxf5 13. exf5 e4 14. Nb3 Bb6 15. Bf4 Qd7 16. g4 Nd5 17. Bg3 e3 18. Qd3 Rad8 19. Kh1 Qe7 20. Qc4 exf2 21. Bxf2 Bxf2 22. Rxf2 Ne3 23. Qf4 Qh4 24. Kh2 Nxg4+ 25. Qxg4 Qxf2 26. Rf1 Qe2 0-1

[Event "EU-ch 12th"]
[Site "Aix les Bains"]
[Date "2011.03.23"]
[Round "2"]
[White "L'Hermitte, Emmanuel"]
[Black "Rozhko, Dmitry"]
[Result "0-1"]
[WhiteElo "2012"]
[BlackElo "2365"]
[PlyCount "72"]
[EventDate "2011.03.22"]
[EventType "swiss"]
[EventRounds "11"]
[EventCountry "FRA"]
[SourceTitle "CBM 142 Extra"]
[Source "ChessBase"]
[SourceDate "2011.06.27"]
[SourceVersion "1"]
[SourceVersionDate "2011.06.27"]
[SourceQuality "1"]

1. d4 d5 2. c4 c6 3. Nf3 Nf6 4. Nc3 a6 5. c5 Bf5 6. Bf4 Nbd7 7. e3 h6 8. h3 e6 9. Be2 Be7 10. 0-0 0-0 11. b4 Ne4 12. Nxe4 Bxe4 13. a4 Bf6 14. Bd6 Re8 15. Ne5 Bxe5 16. dxe5 Qg5 17. Bg4 f6 18. f4 Qh4 19. Kh2 fxe5 20. fxe5 Qg5 21. Qd4 Nf8 22. Ra2 Ng6 23. g3 Rad8 24. Raf2 Rd7 25. Bf3 Bxf3 26. Rxf3 Nh8 27. e4 Rf7 28. exd5 exd5 29. Qd3 Rxf3 30. Qxf3 Qg6 31. Rf2 Nf7 32. Qf4 Qe6 33. Re2 Ng5 34. g4 Qf7 35. Qxf7+ Kxf7 36. Rf2+ Ke6 0-1

[Event "Barbera del Valles op-B 30th"]
[Site "Barbera del Valles"]
[Date "2007.07.10"]
[Round "5"]
[White "Gonzalez Muelas, Javier"]
[Black "L'Hermitte, Emmanuel"]
[Result "0-1"]
[WhiteElo "1933"]
[BlackElo "2048"]
[PlyCount "68"]
[EventDate "2007.07.06"]
[EventType "swiss"]
[EventRounds "7"]
[EventCountry "ESP"]
[SourceTitle "EXT 2008"]
[Source "ChessBase"]
[SourceDate "2007.11.25"]
[SourceVersion "1"]
[SourceVersionDate "2007.11.25"]
[SourceQuality "1"]

1. e4 c5 2. Nf3 d6 3. d4 cxd4 4. Nxd4 Nf6 5. Nc3 a6 6. Be2 e6 7. Be3 Be7 8. 0-0 0-0 9. f3 Qc7 10. Qe1 Nc6 11. Qf2 Ne5 12. Kh1 b5 13. Nd1 Bb7 14. Rc1 d5 15. exd5 Nxd5 16. Nb3 Nxe3 17. Qxe3 Nc4 18. Qf2 Rfd8 19. Bd3 a5 20. Nd4 Qf4 21. Ne2 Qh6 22. f4 Nd2 23. Re1 Ne4 24. Bxe4 Bxe4 25. Ng3 Bb7 26. Nf5 exf5 27. Rxe7 Be4 28. Nc3 Bc6 29. Qe3 b4 30. Ne2 Qd6 31. Re1 Qd5 32. Qg3 Rd6 33. Ng1 Rg6 34. Qf3 Qb5 0-1

[Event "Barbera del Valles op-B 30th"]
[Site "Barbera del Valles"]
[Date "2007.07.09"]
[Round "4"]
[White "Franch Guiral, Ramon"]
[Black "L'Hermitte, Emmanuel"]
[Result "1-0"]
[WhiteElo "1989"]
[BlackElo "2048"]
[PlyCount "103"]
[EventDate "2007.07.06"]
[EventType "swiss"]
[EventRounds "7"]
[EventCountry "ESP"]
[SourceTitle "EXT 2008"]
[Source "ChessBase"]
[SourceDate "2007.11.25"]
[SourceVersion "1"]
[SourceVersionDate "2007.11.25"]
[SourceQuality "1"]

1. f4 d5 2. Nf3 g6 3. e3 Bg7 4. d4 Nf6 5. Bd3 0-0 6. 0-0 c5 7. c3 Qb6 8. Qb3 Qc7 9. Qc2 c4 10. Be2 Bf5 11. Qd1 Nc6 12. Ne5 b5 13. g4 Be4 14. Nd2 Ne8 15. Nxe4 dxe4 16. a4 Nxe5 17. fxe5 Rd8 18. Qc2 a6 19. axb5 axb5 20. Qxe4 e6 21. Bf3 Qe7 22. Qb7 Nc7 23. Ra7 Ra8 24. Bd2 Rxa7 25. Qxa7 Qd8 26. Qc5 Bh6 27. Ra1 Nd5 28. Bxd5 exd5 29. h3 Qd7 30. Ra7 Qd8 31. Qxb5 Qh4 32. Kg2 Bxe3 33. Bxe3 Qe1 34. Qxd5 Qxe3 35. Qf3 Qd2+ 36. Qf2 Qd3 37. Ra1 Rb8 38. Rf1 Qe4+ 39. Kg3 Qd5 40. Re1 Rb3 41. Re2 h6 42. Qf3 Qe6 43. d5 Qb6 44. Qf2 Qb7 45. d6 Rb6 46. d7 Qb8 47. Qc5 Qd8 48. Rd2 Rb8 49. Qd6 Rb7 50. e6 fxe6 51. Qxe6+ Kg7 52. Rd6 1-0

[Event "Cannes op"]
[Site "Cannes"]
[Date "2007.02.25"]
[Round "9"]
[White "Pepino, Enrico"]
[Black "L'Hermitte, Emmanuel"]
[Result "0-1"]
[WhiteElo "2189"]
[BlackElo "2032"]
[PlyCount "48"]
[EventDate "2007.02.18"]
[EventType "swiss"]
[EventRounds "9"]
[EventCountry "FRA"]
[SourceTitle "CBM 116 Extra"]
[Source "ChessBase"]
[SourceDate "2007.03.07"]
[SourceVersion "1"]
[SourceVersionDate "2007.03.07"]
[SourceQuality "1"]

1. e4 c5 2. Nf3 d6 3. d4 cxd4 4. Nxd4 Nf6 5. Nc3 a6 6. Be3 e5 7. Nb3 Be6 8. Qd2 Nbd7 9. f4 Rc8 10. f5 Bc4 11. Bxc4 Rxc4 12. Qd3 Rc8 13. Rg1 b5 14. a3 Ng4 15. 0-0-0 Nxe3 16. Qxe3 Be7 17. Kb1 Nb6 18. Nd5 Nxd5 19. Rxd5 Qc7 20. c3 0-0 21. g4 h6 22. Qf2 a5 23. Rxb5 Qc4 24. Rb7 Qxe4+ 0-1

[Event "Barbera del Valles op B 29th"]
[Site "Barbera del Valles"]
[Date "2006.07.11"]
[Round "7"]
[White "Garcia Riera, Josep"]
[Black "L'Hermitte, Emmanuel"]
[Result "1-0"]
[WhiteElo "2036"]
[BlackElo "2019"]
[PlyCount "111"]
[EventDate "2006.07.05"]
[EventType "swiss"]
[EventRounds "9"]
[EventCountry "ESP"]
[SourceTitle "EXT 2022"]
[Source "ChessBase"]
[SourceDate "2021.10.06"]
[SourceVersion "1"]
[SourceVersionDate "2021.10.06"]
[SourceQuality "1"]

1. d4 Nf6 2. c4 e6 3. Nf3 b6 4. e3 Bb7 5. Bd3 c5 6. 0-0 Nc6 7. Nc3 d5 8. b3 Be7 9. Bb2 cxd4 10. Nxd4 Nxd4 11. exd4 0-0 12. cxd5 Nxd5 13. Qf3 Rc8 14. Be4 Ba6 15. Rfe1 Nxc3 16. Bxc3 Bf6 17. Bb4 Bxd4 18. Rad1 Re8 19. Bc6 Qh4 20. Bxe8 Rxe8 21. Bd6 e5 22. Bxe5 Bxe5 23. Rxe5 Rf8 24. Rde1 Qd8 25. Qe4 Qd7 26. Re7 Qb5 27. Re8 g6 28. Rxf8+ Kxf8 29. Qe7+ Kg7 30. Qe5+ Qxe5 31. Rxe5 Bd3 32. f4 Bb1 33. a3 Kf6 34. Kf2 h6 35. h4 Bf5 36. Ke3 Be6 37. b4 Ke7 38. Kd4 h5 39. Re1 Kd6 40. Rc1 a6 41. a4 Bd7 42. a5 bxa5 43. bxa5 Bc6 44. g3 Bd7 45. Rb1 Bb5 46. Rb2 Bf1 47. Rb6+ Kd7 48. Ke5 Bc4 49. f5 gxf5 50. Kxf5 Ke7 51. Kg5 Be2 52. Rh6 Bd1 53. Rxa6 Be2 54. Rb6 Kd7 55. a6 Bf3 56. Rb3 1-0

[Event "Barbera del Valles op B 29th"]
[Site "Barbera del Valles"]
[Date "2006.07.08"]
[Round "4"]
[White "L'Hermitte, Emmanuel"]
[Black "Vigo Allepuz, David"]
[Result "1/2-1/2"]
[WhiteElo "2019"]
[BlackElo "2105"]
[PlyCount "76"]
[EventDate "2006.07.05"]
[EventType "swiss"]
[EventRounds "9"]
[EventCountry "ESP"]
[SourceTitle "EXT 2022"]
[Source "ChessBase"]
[SourceDate "2021.10.06"]
[SourceVersion "1"]
[SourceVersionDate "2021.10.06"]
[SourceQuality "1"]

1. d4 e6 2. c4 f5 3. g3 Nf6 4. Bg2 d5 5. cxd5 exd5 6. Bg5 c6 7. Nc3 Bd6 8. Nf3 0-0 9. 0-0 Qe8 10. Bxf6 Rxf6 11. Rc1 Nd7 12. e3 Qh5 13. a3 g5 14. h4 gxh4 15. Nxh4 Qg5 16. b4 a6 17. Rc2 Nb6 18. Nf3 Qh5 19. Ne5 Qxd1 20. Rxd1 Bxe5 21. dxe5 Re6 22. f4 Nc4 23. Nxd5 Nxa3 24. Ra2 cxd5 25. Rxa3 Re7 26. Bxd5+ Kg7 27. b5 Rc7 28. bxa6 Rxa6 29. Rxa6 bxa6 30. Rd2 Rd7 31. Rc2 Rxd5 32. Rxc8 Rd2 33. Rc7+ Kg8 34. e4 fxe4 35. e6 e3 36. Kf1 Kf8 37. Rf7+ Ke8 38. g4 h6 1/2-1/2

[Event "Lyon"]
[Site "Lyon"]
[Date "2004.09.23"]
[Round "8"]
[White "L'Hermitte, Emmanuel"]
[Black "Rodriguez, Jean Pierre"]
[Result "0-1"]
[WhiteElo "2010"]
[BlackElo "1952"]
[PlyCount "52"]
[EventDate "2004.09.??"]
[EventType "tourn"]
[EventRounds "10"]
[EventCountry "FRA"]
[SourceTitle "CBM 102 Extra"]
[Source "ChessBase"]
[SourceDate "2004.11.03"]
[SourceVersion "1"]
[SourceVersionDate "2004.11.03"]
[SourceQuality "1"]

1. d4 Nf6 2. c4 e6 3. Nf3 d5 4. Nc3 Nbd7 5. e3 c6 6. Bd3 Bd6 7. e4 dxe4 8. Nxe4 Nxe4 9. Bxe4 Nf6 10. Bc2 Bb4+ 11. Kf1 h6 12. a3 Bd6 13. b4 Qc7 14. Bb2 Be7 15. Qd3 b6 16. Ne5 Bb7 17. Re1 0-0 18. d5 cxd5 19. Nd7 Rfc8 20. Nxf6+ Bxf6 21. Qh7+ Kf8 22. Bxf6 gxf6 23. Qxh6+ Ke7 24. Bf5 Qxc4+ 25. Kg1 Qc3 26. Kf1 Ba6+ 0-1

[Event "Lyon"]
[Site "Lyon"]
[Date "2004.09.21"]
[Round "3"]
[White "Rodriguez, Jean Pierre"]
[Black "L'Hermitte, Emmanuel"]
[Result "0-1"]
[WhiteElo "1952"]
[BlackElo "2010"]
[PlyCount "80"]
[EventDate "2004.09.??"]
[EventType "tourn"]
[EventRounds "10"]
[EventCountry "FRA"]
[SourceTitle "CBM 102 Extra"]
[Source "ChessBase"]
[SourceDate "2004.11.03"]
[SourceVersion "1"]
[SourceVersionDate "2004.11.03"]
[SourceQuality "1"]

1. g3 e5 2. c4 Nc6 3. Bg2 Nf6 4. Nf3 Bc5 5. 0-0 d6 6. a3 a6 7. b4 Ba7 8. Bb2 0-0 9. Nc3 Be6 10. d3 Qd7 11. Ng5 Bg4 12. h3 h6 13. hxg4 hxg5 14. Bh3 Nxg4 15. Ne4 Nxf2 16. Rxf2 Qxh3 17. c5 dxc5 18. bxc5 b6 19. Qa4 Nd4 20. Bxd4 exd4 21. Qxd4 bxc5 22. Qe5 c4 23. d4 Rfe8 24. Qd5 Qe6 25. Qxe6 Rxe6 26. Nxg5 Rg6 27. Nf3 Rxg3+ 28. Kf1 Rh3 29. Kg2 Rh6 30. Rc1 Rg6+ 31. Kf1 Rb8 32. Rxc4 Rb1+ 33. Ne1 Rh6 34. Rxc7 Bxd4 35. Rfxf7 Rh1+ 36. Kg2 Rg1+ 37. Kh3 Rbxe1 38. Rfd7 Bf6 39. Rc8+ Kh7 40. Rc6 Rg6 0-1